Fr. Conceicao Rodrigues College of Engineering

Feedback and control system SI(metric ) edition (Record no. 23833)

MARC details
000 -LEADER
fixed length control field 00293nam a2200121Ia 4500
100 ## - MAIN ENTRY--PERSONAL NAME
Personal name Distefano/J.J(schaums series)
245 ## - TITLE STATEMENT
Title Feedback and control system SI(metric ) edition
260 ## - PUBLICATION, DISTRIBUTION, ETC.
Name of publisher, distributor, etc. Schams
Place of publication, distribution, etc. New York
Date of publication, distribution, etc. 1976
300 ## - PHYSICAL DESCRIPTION
Extent 371
546 ## - LANGUAGE NOTE
Language note ENGLISH
654 ## - SUBJECT ADDED ENTRY--FACETED TOPICAL TERMS
Focus term feedback
942 ## - ADDED ENTRY ELEMENTS (KOHA)
Koha item type BOOK
Holdings
Withdrawn status Lost status Damaged status Not for loan Collection Home library Current library Shelving location Date acquired Source of acquisition Cost, normal purchase price Inventory number Total Checkouts Full call number Barcode Date last seen Cost, replacement price Price effective from Koha item type
        CRC Fr. Agnel's C.Rodrigues College of Engineering Fr. Agnel's C.Rodrigues College of Engineering   17/03/2023 Progressive Books 187.50 2020 dt 30.03.92   3562 17/03/2023 187.50 30/03/1992 BOOK
        CRC Fr. Agnel's C.Rodrigues College of Engineering Fr. Agnel's C.Rodrigues College of Engineering   17/03/2023 Progressive Books 187.50 2020 dt 30.03.92   3563 17/03/2023 187.50 30/03/1992 BOOK